Statistics for IndyCar Champions

Click here to take the quiz!

General Stats

  • This quiz has been taken 244 times
    (184 since last reset)
  • The average score is 48 of 113

Answer Stats

HintAnswer% Correct
2003 | 2008 | 2013 | +3 othersScott Dixon
93%
1965 | 1966 | 1969 | 1984Mario Andretti
88%
1991Michael Andretti
88%
2014Wil Power
85%
2017 | 2019Josef Newgarden
83%
2016Simon Pagenaud
72%
1960 | 1961 | 1963 | +4 othersAJ Foyt
71%
2007 | 2009 | 2010 | 2011Dario Franchitti
70%
1999Juan Pablo Montoya
69%
2012Ryan Hunter-Reay
67%
2005Dan Wheldon
66%
1970 | 1983 | 1985Al Unser
62%
1990 | 1994Al Unser Jr
62%
1995Jacques Villeneuve
62%
2004Tony Kanaan
59%
1968 | 1974Bobby Unser
56%
1989Emerson Fittipaldi
56%
2004 | 2005 | 2006 | 2007Sebastien Bourdais
55%
1993Nigel Mansell
52%
2001 | 2002 | 2006Sam Hornish Jr
51%
1946 | 1947 | 1948Ted Horn
50%
1986 | 1987 | 1992Bobby Rahal
49%
1997-96Tony Stewart
46%
1979 | 1981 | 1982Rick Mears
45%
2000 | 2001Gil De Ferran
40%
2003Paul Tracy
39%
1997 | 1998Alex Zanardi
37%
1998Kenny Brack
37%
2000Buddy Lazier
35%
1976Gordon Johncock
30%
1980Johnny Rutherford
29%
1959 | 1962Rodger Ward
29%
1988Danny Sullivan
28%
1996Jimmy Vasser
28%
1977 | 1978Tom Sneva
28%
2002Cristiano Da Matta
27%
1996Scott Sharp
27%
1996Buzz Calkins
20%
1949Johnnie Parsons
19%
1936Mauri Rose
19%
1999Greg Ray
18%
1954 | 1956 | 1957Jimmy Bryan
18%
1953Sam Hanks
15%
1955Bob Sweikert
14%
1938Floyd Roberts
14%
1951 | 1958Tony Bettenhausen
14%
1916Dario Resta
12%
1928 | 1929 | 1933Louis Meyer
12%
1973Roger McCluskey
12%
1937 | 1939Wilbur Shaw
12%
1934Bill Cummings
11%
1971 | 1972Jo Leonard
11%
1925 | 1927Peter DePaolo
11%
1950Henry Banks
10%
1935Kelly Petillo
10%
1940 | 1941Rex Mays
10%
1930Billy Arnold
9%
1922 | 1924Jimmy Murphy
9%
1931Louis Schneider
9%
1921Tommy Milton
9%
1905Barney Oldfield
7%
1952Chuck Stevenson
7%
1932Bob Carey
5%
1923Eddie Hearne
5%
1926Harry Hartz
5%
1920Gaston Chervolet
0%

Score Distribution

Percentile by Number Answered

Percent of People with Each Score

Your Score History

You have not taken this quiz since the last reset